|
|
|
|
| LEADER |
01454nam a2200337 i 4500 |
| 001 |
37159 |
| 003 |
BD-DhAAL |
| 005 |
20211123113026.0 |
| 008 |
030320t2015 nyu b 001 0 eng d |
| 999 |
|
|
|c 42229
|d 42229
|
| 010 |
|
|
|a 2014047746
|
| 020 |
|
|
|a 9780133925852 (pbk.)
|
| 020 |
|
|
|a 0133925854 (pbk.)
|
| 040 |
|
|
|a DLC
|b eng
|c DLC
|e rda
|d DLC
|d BD-DhAAL
|
| 050 |
0 |
0 |
|a P51
|b .B7754 2015
|
| 082 |
0 |
0 |
|a 418.0071
|2 23
|
| 100 |
1 |
|
|a Brown, H. Douglas
|9 39722
|
| 245 |
1 |
0 |
|a Teaching by principles :
|b an interactive approach to language pedagogy /
|c H. Douglas Brown and Heekyeong Lee
|
| 250 |
|
|
|a Fourth edition.
|
| 260 |
|
|
|a White Plains, NY :
|b Pearson Education,
|c c2015
|
| 300 |
|
|
|a xvi, 668 pages ;
|c 24 cm.
|
| 504 |
|
|
|a Includes bibliographical references (pages 589-627) and indexes.
|
| 526 |
|
|
|a ENH
|
| 541 |
|
|
|a Trim Education
|e 37159, 37160
|
| 650 |
|
0 |
|a Language and languages
|x Study and teaching.
|9 39723
|
| 650 |
|
0 |
|a English language.
|9 43026
|
| 700 |
1 |
|
|a Lee, Heekyeong.
|9 39724
|
| 852 |
|
|
|a Ayesha Abed Library
|c General Stacks
|
| 942 |
|
|
|2 ddc
|c BK
|
| 952 |
|
|
|0 0
|1 0
|2 ddc
|4 0
|6 418_007100000000000_BRO
|7 0
|9 68034
|a BRACUL
|b BRACUL
|c GEN
|d 2020-02-27
|e Trim Education
|g 5975.00
|l 4
|m 31
|o 418.0071 BRO
|p 3010037159
|r 2025-09-16
|s 2025-06-26
|t 1
|v 5975.00
|w 2020-02-27
|y BK
|
| 952 |
|
|
|0 0
|1 0
|2 ddc
|4 0
|6 418_007100000000000_BRO
|7 0
|9 68086
|a BRACUL
|b BRACUL
|c GEN
|d 2020-03-03
|e Trim Education
|l 6
|m 29
|o 418.0071 BRO
|p 3010037160
|r 2025-10-07
|s 2025-06-26
|t 2
|w 2020-03-03
|y BK
|